Normale Ansicht MARC-Ansicht ISBD

Damals in der DDR - Zeitzeugen erzählen ihre Geschichte : (Titelsatznr. 34342)

[ MARC ]
MARC-Details
000 -Satzkennung
Kontrollfeld mit fester Länge 00522nam a22001691c 4500
001 - Kontrollnummer
Kontrollfeld a987676423
008 - Feld mit fester Länge zur physischen Beschreibung - Allgemeine Angaben
Kontrollfeld mit fester Länge 160511s2006 gw |||| 000u ger d
041 ## - Sprachcode
Sprachcode des Textes/der Tonspur oder des separaten Titels ger
040 ## - Katalogisierungsquelle
Übertragungsstelle RU-10907106
003 - Kontrollnummer Identifier
Kontrollfeld RU-10907106
245 00 - Titel
Titel Damals in der DDR - Zeitzeugen erzählen ihre Geschichte :
Zusatz zum Titel Elektronische Ressource
264 ## - Produktion, Veröffentlichung, Distribution, Herstellung und Urheberrechtsvermerk
Herstellungs-, Veröffentlichungs- Vertriebs-, Erzeugungsort Bonn :
Produzent, Herausgeber, Distributor, Hersteller Bundeszentrale für politische Bildung,
Datum der Herstellung, der Veröffentlichung, des Vertriebs oder des Urheberschutzvermerks 2006
300 ## - Physische Beschreibung
Umfang 1 DVD-ROM
500 ## - Allgemeine Fußnote
Allgemeine Fußnote Nicht frei zugänglich, Zugang nur im DHI-Lesesaal.
651 #0 - Nebeneintragung unter einem Schlagwort - Geografischer Name
Geografischer Name Deutschland (DDR)
942 ## - Zusätzliche Felder (Koha)
Koha-Medientyp Monographien
Exemplare
Ausgeschieden Verloren Beschädigt Nicht entleihbar Heimatbibliothek Aufenthaltsbibliothek Aufstellungsort Erwerbungsdatum Inventarnummer Signatur Barcode Letzte Aktivität Preis gültig von Koha-Medientyp
        MWN Osteuropa MWN Osteuropa Lesesaal - 1 11/05/2016 16-01927 D 54 k Dam 34346 23/02/2021 22/03/2021 Monographien